| 000 | 01207nam0a22002651 4500 | ||
|---|---|---|---|
| 001 | rc\3443153 | ||
| 005 | 20250609234755.0 | ||
| 021 |
_aRU _bРг4851-73 |
||
| 021 |
_aRU _b73-ОЭ-587/6 |
||
| 035 | _a(NLR Aleph) 007569184 | ||
| 090 |
_a5385847 _c5385847 |
||
| 100 | _a20130115d1972 |||y0rusy50 ca | ||
| 101 | 0 | _arus | |
| 102 | _aRU | ||
| 105 | _ay z ||||| | ||
| 200 | 1 |
_aМатериал в помощь лектору на тему: "Борьба народов Латинской Америки за независимость и социальный прогресс" _fЧит. обл. организация о-ва "Знание". Науч.-метод. совет по пропаганде вопросов истории и междунар. отношений |
|
| 210 |
_aЧита _cБ. и. _d1972 |
||
| 215 |
_a17 л. _d29 |
||
| 532 | 1 | 3 | _aМатериал в помощь лектору на тему: Борьба народов Латинской Америки за независимость и социальный прогресс |
| 700 | 1 |
_aГлазунов _bН.Н. |
|
| 801 | 0 |
_aRU _bNLR _gpsbo |
|
| 801 | 1 |
_aRU _bELAR _2rusmarc |
|
| 852 |
_aNLR _j73-8/351 |
||
| 942 | _cBOOK | ||
| 980 | _aNB | ||